<?xml version="1.0" encoding="UTF-8"?><?xml-stylesheet type="text/xsl" href="static/style.xsl"?><OAI-PMH xmlns="http://www.openarchives.org/OAI/2.0/" xmlns:xsi="http://www.w3.org/2001/XMLSchema-instance" xsi:schemaLocation="http://www.openarchives.org/OAI/2.0/ http://www.openarchives.org/OAI/2.0/OAI-PMH.xsd"><responseDate>2026-06-01T19:53:57Z</responseDate><request verb="GetRecord" identifier="oai:riuma.uma.es:10630/35082" metadataPrefix="marc">https://riuma.uma.es/rest/oai/request</request><GetRecord><record><header><identifier>oai:riuma.uma.es:10630/35082</identifier><datestamp>2026-02-03T11:04:34Z</datestamp><setSpec>com_10630_2254</setSpec><setSpec>col_10630_37953</setSpec></header><metadata><record xmlns="http://www.loc.gov/MARC21/slim" xmlns:dcterms="http://purl.org/dc/terms/" xmlns:doc="http://www.lyncode.com/xoai" xmlns:xsi="http://www.w3.org/2001/XMLSchema-instance" xsi:schemaLocation="http://www.loc.gov/MARC21/slim http://www.loc.gov/standards/marcxml/schema/MARC21slim.xsd">
   <leader>00925njm 22002777a 4500</leader>
   <datafield ind2=" " ind1=" " tag="042">
      <subfield code="a">dc</subfield>
   </datafield>
   <datafield ind2=" " ind1=" " tag="720">
      <subfield code="a">Arredondo-Quijada, Rafael</subfield>
      <subfield code="e">author</subfield>
   </datafield>
   <datafield ind2=" " ind1=" " tag="260">
      <subfield code="c">2023</subfield>
   </datafield>
   <datafield ind2=" " ind1=" " tag="520">
      <subfield code="a">El formato de ocio nocturno en el que la juventud se incorpora está conformado por una serie de&#xd;
elementos que establece sus principales características para la diversión, bajo el prisma de pasarlo&#xd;
bien, compuesto por la sexualidad, la música, el alcohol y el consumo de sustancias estupefacientes&#xd;
ilegales en algunas de las ocasiones, un elenco de variables para una noche mágica. Este panorama&#xd;
no se encuentra exento de riesgo y vulnerabilidad, sobre todo para el género femenino, que tiene&#xd;
que enfrentarse a situaciones como la sumisión química y las agresiones sexuales. La presente&#xd;
investigación analiza las respuestas de (N) 702 jóvenes (50,9% hombres por un 48,7% de mujeres),&#xd;
con una M=23 y SD=5,47, realizadas en los lugares de ocio nocturno de la ciudad de Málaga&#xd;
(España), cuando se encontraban en estos. Los resultados muestran cómo el 91,2% de las mujeres&#xd;
expresan tener preocupación de sufrir algún episodio de violencia sexual cuando salen de fiesta, y el&#xd;
74,3% indica tener mayor riesgo de sufrir una sumisión química. Estas situaciones requieren de una&#xd;
reflexión que no solo debe abordar el modelo de ocio utilizado por gran parte de la juventud, sino a&#xd;
la vez el desarrollo de medidas preventivas a largo plazo de carácter formativo y educativo, donde el&#xd;
papel de los interventores sociales se sitúa como esencial para favorecer esta transformación, y que&#xd;
el ocio no se convierta en otro espacio más donde el género marca diferencias y vulnerabilidades,&#xd;
siendo el femenino nuevamente el más afectado.</subfield>
   </datafield>
   <datafield ind1="8" ind2=" " tag="024">
      <subfield code="a">Arredondo Quijada, R. . (2024). Ocio nocturno: Sumisión química y agresiones sexuales. Trabajo Social UNAM, (31), 142–156. https://doi.org/10.22201/ents.20075987p.2022.31.86750</subfield>
   </datafield>
   <datafield ind1="8" ind2=" " tag="024">
      <subfield code="a">https://hdl.handle.net/10630/35082</subfield>
   </datafield>
   <datafield ind1="8" ind2=" " tag="024">
      <subfield code="a">10.22201/ents.20075987p.2022.31.86750</subfield>
   </datafield>
   <datafield tag="653" ind2=" " ind1=" ">
      <subfield code="a">Delitos sexuales</subfield>
   </datafield>
   <datafield ind2="0" ind1="0" tag="245">
      <subfield code="a">Ocio nocturno: Sumisión química y agresiones sexuales</subfield>
   </datafield>
</record>
</metadata></record></GetRecord></OAI-PMH>